000 00340nam a2200121Ia 4500
005 20251222143241.0
008 251222s9999||||xx |||||||||||||| ||spa||
082 _a909/R75/T.II
100 _aRodríguez Casado, Vicente
245 0 _aIntroducción a la Historia Universal
264 _bPublicaciones de la Universidad de Piura
942 _cLIB
999 _c14595
_d14595